| 000 | 01493nam a22002537a 4500 | ||
|---|---|---|---|
| 005 | 20151123152707.0 | ||
| 008 | 150922s1917 ec ||||fr|||| 00| 0 spa d | ||
| 040 |
_cSandra Yazo _dSandra Yazo |
||
| 041 | 1 | _aspa | |
| 082 | 0 | 4 |
_220 _a613.4 |
| 092 | _aE37N074 | ||
| 100 | 1 |
_aLaurent, H. _971649 |
|
| 245 | 1 | 0 |
_aManual de higiene popular _cdel doctor H. Laurent ; Trauducido por el doctor Alfredo Espinoza Tamayo |
| 260 |
_aGuayaquil (Ecuador) _bImprenta municipal _c1917 |
||
| 300 |
_a141 páginas _c19 x 14 cm. |
||
| 500 | _aDetalles físicos: Encuadernación flexible en cartulina. Tapa delantera con datos de publicación impresos y enmarcados en una orla decorativa. Tapas con bordes rotos. Portada impresa en una sola tinta. Texto impreso en una sola columna. Papel manchado y varias hojas con dobleces. | ||
| 505 | 1 | _aAdvertencia del traductor ; El aire ; Propiedades físicas del aire ; Los alimentos ; Alimentos completos ; Crustáceos ; Alimentos herbáceos ; Condimentos ; Vino ; Alteraciones del vino ; Vestido: Higiene de la piel ; El baño ; Higiene de la habitación ; Higiene de la casa ; Higiene de la infancia ; Enfermedades de la primera infancia ; Higiene de las profesiones ; Enfermedades que pueden evitarse | |
| 506 | _aConsulta en sala | ||
| 650 | 7 |
_98072 _aSalud e higiene |
|
| 650 | 7 |
_912337 _aCuidado e higiene |
|
| 690 |
_942911 _aSalud pública |
||
| 700 | 1 |
_aESpinosa Tamayo, Alfredo _etraductor _971650 |
|
| 942 |
_2LOCAL _cLIBRO _e1 _hE37N074 |
||
| 999 |
_c301566 _d301566 |
||